[Event "GER-ch Net blitz qual2"]
[Site "Playchess.com INT"]
[Date "2020.03.16"]
[Round "9"]
[White "Lange, Sebastian"]
[Black "Colbow, Collin"]
[Result "1/2-1/2"]
[WhiteElo "2300"]
[BlackElo "2222"]
[PlyCount "208"]
[EventDate "2020.03.16"]
[EventType "swiss (blitz)"]
[EventRounds "9"]
[EventCountry "GER"]
[SourceTitle "CBM 195 Extra"]
[Source "ChessBase"]
[SourceDate "2020.05.31"]
[SourceVersion "1"]
[SourceVersionDate "2020.05.31"]
[SourceQuality "1"]

1. g3 Nf6 2. Nh3 e5 3. f3 d5 4. Nf2 Nc6 5. Bg2 Be6 6. e3 Qd7 7. d3 0-0-0 8. c3 h5 9. b3 h4 10. g4 Nh7 11. h3 f5 12. 0-0 fxg4 13. fxg4 Be7 14. Na3 Ng5 15. Nc2 Rdf8 16. Qe2 Rf7 17. e4 Rhf8 18. Bxg5 Bxg5 19. exd5 Bxd5 20. Ne4 Bf4 21. Nc5 Qd6 22. Ne4 Qd8 23. Rae1 Ne7 24. Nc5 Ng6 25. Ne4 Bc6 26. a4 Qd5 27. c4 Qd8 28. Kh1 Bh6 29. Rxf7 Rxf7 30. Nb4 Nf4 31. Nxc6 bxc6 32. Qf3 Qxd3 33. Qxd3 Nxd3 34. Rf1 Rxf1+ 35. Bxf1 Nc1 36. b4 Bf4 37. Kg2 Na2 38. b5 cxb5 39. cxb5 Nb4 40. Bc4 g5 41. Nc5 Be3 42. Ne4 Kb7 43. Kf3 Bf4 44. Nc5+ Kb6 45. Nb3 c6 46. a5+ Kc7 47. Ke4 cxb5 48. Bxb5 a6 49. Bc4 Kc6 50. Kf5 Nd5 51. Ke4 Ne3 52. Bxa6 Ng2 53. Bf1 Ne3 54. Be2 Ng2 55. a6 Kb6 56. Na1 Bd2 57. Nc2 Nf4 58. Bf1 Nxh3 59. Bxh3 Kxa6 60. Kxe5 Kb5 61. Nd4+ Kc4 62. Nf3 Bf4+ 63. Kf5 Kd3 64. Nxg5 Ke3 65. Kg6 Kf2 66. Kh5 Kg3 67. Ne6 Be3 68. Bf1 h3 69. Bxh3 Kxh3 70. Ng7 Bc1 71. Nf5 Kg2 72. Nd4 Be3 73. Ne2 Kf3 74. Nc3 Bd4 75. Nb5 Be5 76. Na7 Kf4 77. Nc6 Bf6 78. Nb4 Bd8 79. Nd5+ Ke5 80. Ne3 Kf4 81. Nf5 Ke5 82. Ne3 Kf4 83. Ng2+ Ke5 84. Kg6 Ke4 85. Ne1 Kf4 86. Kh5 Ke5 87. Nd3+ Ke4 88. Nb4 Kf4 89. Nc6 Bf6 90. Nb8 Bd8 91. Nd7 Ke4 92. Nf8 Be7 93. Ng6 Bd8 94. Nh4 Kf4 95. Nf5 Ke4 96. Nd6+ Kf4 97. Nf7 Be7 98. Nh8 Bd8 99. Ng6+ Ke4 100. Nh4 Kf4 101. Ng2+ Ke4 102. Ne1 Kf4 103. Nc2 Ke4 104. Nb4 Kf4 1/2-1/2

[Event "GER-ch Net blitz qual2"]
[Site "Playchess.com INT"]
[Date "2020.03.16"]
[Round "6"]
[White "Lange, Sebastian"]
[Black "Stein, Robert"]
[Result "1-0"]
[WhiteElo "2300"]
[BlackElo "2325"]
[PlyCount "75"]
[EventDate "2020.03.16"]
[EventType "swiss (blitz)"]
[EventRounds "9"]
[EventCountry "GER"]
[SourceTitle "CBM 195 Extra"]
[Source "ChessBase"]
[SourceDate "2020.05.31"]
[SourceVersion "1"]
[SourceVersionDate "2020.05.31"]
[SourceQuality "1"]

1. g3 Nf6 2. Nh3 g6 3. f3 Bg7 4. Nf2 d5 5. Bg2 c5 6. e3 Nc6 7. d3 e5 8. c3 0-0 9. 0-0 b6 10. Na3 Ba6 11. Re1 Re8 12. Nc2 Qd7 13. Bh3 Qc7 14. Bg2 Rad8 15. Bd2 e4 16. fxe4 dxe4 17. d4 h5 18. Bf1 Bxf1 19. Rxf1 Qd7 20. Qe2 cxd4 21. cxd4 Ne7 22. Rac1 Ned5 23. Nb4 Nxb4 24. Bxb4 Nd5 25. Bd2 f5 26. Nh3 Bh6 27. Rfe1 Rc8 28. Nf4 Bxf4 29. gxf4 Qa4 30. a3 Qxa3 31. bxa3 Kf7 32. Rxc8 Rxc8 33. Rc1 Rd8 34. Qc4 h4 35. h3 Ke6 36. Qc6+ Kf7 37. Qb7+ Kf6 38. Rc6+ 1-0